Manual de lengua rusa, para españoles e hispanoamericanos / (Record no. 87002)

MARC details
000 -LEADER
campo de control de longitud fija 00518nam a2200169 i 4500
001 - NÚMERO DE CONTROL
campo de control 87002
003 - IDENTIFICADOR DE NÚMERO DE CONTROL
campo de control ES-MaACL
005 - FECHA Y HORA DE LA ÚLTIMA TRANSACCIÓN
campo de control 20230906175553.0
007 - CAMPO FIJO DE DESCRIPCIÓN FÍSICA--INFORMACIÓN GENERAL
campo de control de longitud fija t|
008 - DATOS DE LONGITUD FIJA--INFORMACIÓN GENERAL
campo de control de longitud fija 041217s1975 sp ||||1| spa d
100 1# - ENTRADA PRINCIPAL--NOMBRE DE PERSONA
Nombre de persona Kopilova, Galina Ivanovna.
9 (RLIN) 68579
245 10 - MENCIÓN DEL TÍTULO
Título Manual de lengua rusa, para españoles e hispanoamericanos /
Mención de responsabilidad, etc. G.I. Kopilova, T.A. Ramsina.
260 ## - PUBLICACIÓN, DISTRIBUCIÓN, ETC.
Lugar de publicación, distribución, etc. Barcelona :
Nombre del editor, distribuidor, etc. Ariel,
Fecha de publicación, distribución, etc. 1975.
300 ## - DESCRIPCIÓN FÍSICA
Extensión 478 p. :
Otras características físicas il. ;
Dimensiones 22 cm.
700 1# - ENTRADA AGREGADA--NOMBRE PERSONAL
Nombre de persona Ramsina, T. A.
9 (RLIN) 95385
852 ## - LOCALIZACIÓN
Ubicación ES-MaACL
Número de control de estantería C-39102
Sublocalización o colección R.79274
Holdings
Estatus retirado Estado de pérdida Estado de daño No para préstamo Biblioteca de origen Biblioteca actual Ubicación en estantería Fecha de adquisición Fuente de adquisición Total de préstamos Signatura topográfica completa Código de barras Visto por última vez Precio de reemplazo Tipo de ítem Koha
        Biblioteca del Ateneo de Madrid Biblioteca del Ateneo de Madrid Depósito 2 17/01/2008     C-39102 1090902 23/02/2023 23/02/2023 Libro impreso